| 000 | 00567nam a2200205 a 4500 | ||
|---|---|---|---|
| 005 | 20210223133451.0 | ||
| 008 | 171206s1994 mx r 000 0 spa d | ||
| 020 | _a9684932693 | ||
| 035 | _aUPN01000221939 | ||
| 049 | _aCG | ||
| 050 | 4 |
_aGV942.7 C3.6 _bP5.3 |
|
| 100 | 1 |
_aPliego, Roberto, _d1961- |
|
| 245 | 1 | 3 |
_aLa estrella de Jorge Campos / _cRoberto Pliego. |
| 260 |
_aMéxico : _bCal y arena, _c1994. |
||
| 300 |
_a75 p. : _bil. |
||
| 600 | 1 | 4 |
_aCAMPOS, JORGE _926531 |
| 650 | 4 |
_aFUTBOL (SOCCER) - _xJUGADORES _922461 |
|
| 905 | _aLibro | ||
| 999 |
_c194036 _d194036 |
||